000 00602nam a2200217 a 4500
008
020 _a0534115748 (cased)
049 _aMAIN
090 _aQA184
100 1 _aGerber, Harvey.
245 1 0 _aElementary linear algebra /
_cHarvey Gerber.
260 _aPacific Grove, Calif. :
_bBrooks/Cole,
_cc1990.
300 _axiii, 498 p. :
_bill. ;
_c24 cm.
500 _aIncludes index.
650 0 _aAlgebras, Linear.
907 _a.b10046495
_b01-11-07
_c17-04-03
003
005 20230123133453.0
040 _cNUST
942 _cBOOKS
_kQA184
999 _c149150
_d149150